00365nam a22001337a 450000500170000000800410001704100130005808200120007110000120008324500350009526000470013030000280017765000260020520240725125347.0240725b |||||||| |||| 00| 0 eng d aEnglish  a349 SOU lEnglish aThe South African Law Reports  aCape Town: bJuta and Company Ltd, c1941  bx, 511 pages; c25 cm.  aLegal practice bLaw